000 00456nam a22001817a 4500
003 LK-CoDNM
005 20250116094015.0
008 250116b |||||||| |||| 00| 0 eng d
040 _aLK-CoDNM
_dLK-CoDNM
_eLK-CoDNM
041 _aeng
080 _a9
_bE9
100 _aMaunder,Walter,E
245 _aThe Total Solar Eclipse 1900
260 _aLondon
_bKnowledge Office
_c1901
300 _axi,230p. : ill ; 24 cm
650 _aScience
942 _cBK
999 _c236400
_d236400